Malaysia's economy : past, present & future.
| Other Authors: | |
|---|---|
| Format: | Book |
| Published: |
Kuala Lumpur:
Malaysia Strategis Research Centre,
2009.
|
| Subjects: |
| LEADER | 00528cam a2200169 7i4500 | ||
|---|---|---|---|
| 001 | 0000030992 | ||
| 005 | 20140919090000.0 | ||
| 020 | 0 | 0 | |a 9789839783216 |
| 090 | 0 | 0 | |a M 338.9595 |b MAL |
| 245 | 0 | 0 | |a Malaysia's economy : past, present & future. |
| 260 | 0 | 0 | |a Kuala Lumpur: |b Malaysia Strategis Research Centre, |c 2009. |
| 300 | # | # | |a 278 p. |
| 650 | 0 | 0 | |a Malaysia -- |x Economic conditions |
| 650 | 0 | 0 | |a Malaysia -- |x Economic policy |
| 651 | 0 | 0 | |a Malaysia |
| 700 | 1 | 0 | |a Ishak Yussof |
| 999 | |a B000034281 |b Book |c Malaysia |e Business Information Centre | ||


